000 00667nab a2200193 4500
001 244442
003 OSt
005 20241029091443.0
007 tu
008 200917s2020|||||||
040 _aDE-2950
_cDE-2950
245 0 0 _aEs gibt viel zu entdecken bei der Jubiläums-Transvocale
_bKultur. Das Weltmusik-Festival in Frankfurt und Slubice verspricht auch diesmal stimmungsvoll zu werden. Alles Wichtige zur 20. Auflage/
_cThomas Gutke
264 _c2024
653 _aFrankfurt (Oder)
653 _aTransvocale
653 _aStartchancen-Programm
773 0 _g35. Jahrgang (2024) Nr. 245 vom 19.10.2024, S. 17 mit Foto
_tMärkische Oderzeitung
942 _2z
_cA
999 _c373428
_d373428